Left 4 Dead - All Items - Statistics

General Stats
  • This quiz has been taken 38 times
  • The average score is 27 of 51
Answer Stats
Class Item % Correct
Quick Health Adrenaline Shot
92%
Melee Bat
92%
Melee Katana
88%
Throwable Pipe Bomb
88%
Melee Fire Axe
85%
Primary AKM
81%
Quick Health Painkillers
81%
Secondary Pistol
81%
Primary Suppressed SMG
81%
Equipment First Aid Kit
77%
Secondary Heavy Pistol
77%
Throwable Molotov Cocktail
77%
Primary SMG
77%
Equipment Defibrillator
73%
Melee Machete
73%
Melee Knife
69%
Primary M16A2
69%
Throwable Bile Jar
65%
Melee Crowbar
62%
Melee Frying Pan
62%
Special Weapon Chainsaw
58%
Primary German SMG
54%
Primary Hunting Rifle
54%
Melee Paddle
54%
Primary Burst Rifle
50%
Special Weapon Grenade Launcher
50%
Melee Shovel
50%
Primary Chrome Shotgun
46%
Upgrade Laser Sights
46%
Primary Auto Shotgun
42%
Primary Combat Shotgun
42%
Equipment Explosive Ammunition Box
42%
Special Object Jerrycan
42%
Special Weapon M60
42%
Equipment Incendiary Ammunition Box
38%
Primary Magnum Rifle
35%
Emplacement Minigun
35%
Melee Nightstick
35%
Melee Guitar
31%
Primary Pump Shotgun
31%
Primary Scout Rifle
31%
Secondary Dual Pistols
27%
Special Object Gnome
27%
Primary Military Sniper
27%
Melee Pitchfork
27%
Special Object Propane Tank
27%
Emplacement .50 Cal. Machine Gun
19%
Melee Gold Crowbar
19%
Primary Tactical Rifle
15%
Special Object Firework Box
12%
Special Object Diesel Can
8%
No matching quizzes found
Score Distribution
Percent of People with Each Score
Percentile by Number Answered
Your Score History
You have not taken this quiz